Responses for show #8176 - Monday, March 9, 2020

Paul Trifiletti game 4.

Contestants

[<< previous game]

Chloe Arnett, a preschool teacher from Lake View, Alabama

Michael Campanelli, an attorney from Greenlawn, New York

Paul Trifiletti, an attorney from Athens, Georgia (whose 3-day cash winnings total $61,400)

[next game >>]

Jeopardy! Round responses

HI, WELCOME TO 5 AUTHORS!
HERE'S OUR MEN, YOU
CAN I START YOU WITH SOME DRINKS?
WE HAVE A FEW SPECIALS
THAT'S A GOOD CHOICE
HOW ABOUT DESERT?
    $200 7
(Dan) Brown

Paul
    $200 20
the YMCA

Paul
    $200 1
a Bloody Mary

Chloe
    $200 12
(Michael: What is Joseph's coat--many--coat of many colors. What is the coat of many colors?)

Jesus Christ, Superstar

MichaelChloe
    $200 25
designated

Paul
    $200 6
the (Bactrian) camel

Chloe
    $400 14
Margaret Mitchell

Chloe
    $400 21
fraternities

Chloe
    $400 2
rum

Paul
    $400 13
McCartney

Chloe
    $400 26
pick

Michael
    $400 8
Psalms

Paul
    $600 15
Malcolm Gladwell

Triple Stumper
    $600 22
a seminary

Paul
    $600 3
a Rob Roy

Michael
    $600 27
an option

Paul
    $600 9
Australia

Paul
    $2,200 16
(Alex: Chloe?)
[Chloe sighs]
(Alex: Say something.)
(Chloe: Who is Virginia Woolf?)

Gertrude Stein

Chloe
    $800 23
(Alex: Yes, with less than a minute now.)

a barbershop quartet

Paul
    $800 4
a mint julep

Chloe
    $800 19
Capone

Paul
    $800 28
to tap

Chloe
    $800 10
the Joshua tree

Paul
    $1000 17
(Ta-Nehisi) Coates

Chloe
    $1000 24
the Magi

Paul
    $1000 5
a Bellini

Paul
    $1000 18
Ali Wong

Chloe
    $1000 29
[The end-of-round signal sounds.]

select & elect

Michael
    $1000 11
(Michael: What is the Namib?)

the Kalahari

PaulMichael

Scores at the first commercial break (after clue 15):

Paul Michael Chloe
$4,400 -$600 $2,200

Scores at the end of the Jeopardy! Round:

Paul Michael Chloe
$8,600 $800 $3,200

Double Jeopardy! Round responses

BE STILL MY ART
COSMOS: POSSIBLE WORLDS
CUBA BEFORE FIDEL
PLAYING THE SINGER ON FILM
YOU'RE SHOWING YOUR AGE
FROM RAGS TO RICHES
(Alex: Words between "rags" and "riches" in the dictionary.)
    $400 7
Picasso

Paul
    $400 26
Mercury

Paul
    $400 1
Florida

Paul
    $400 17
Jim Morrison

Michael
    $400 19
an antique

Chloe
    $400 6
ragtime

Paul
    $800 8
(Paul: What is America?)

Preamble

Paul
Triple Stumper
    $800 27
landmines

Triple Stumper
    $2,500 2
the Maine

Paul
    $800 18
James Brown

Michael
    $800 20
a vintage

Michael
    $800 10
ragweed

Michael
    $1200 9
(Paul: Who is Klimt?)

(Edvard) Munch

PaulChloe
    $1200 28
[The end-of-round signal sounds.]

a radio telescope

Michael
    $1200 3
enslaved people

Paul
    $1200 14
[NOTE: The role is Jerry Lee Lewis.]

Jerry Lewis

Chloe
    $1200 21
foster care

Paul
    $1200 11
redact

Paul
    $1600 12
Grandma Moses

Paul
    $1600 4
the Organization of American States

Paul
    $1600 15
Joan Jett

Chloe
    $1,500 22
carbon dating

Paul
    $1600 24
a rash guard

Chloe
    $2000 13
The Birth of Venus

Chloe
    $2000 5
1958

Michael
    $2000 16
Patsy Cline

Michael
    $2000 23
the 26th Amendment

Paul
    $2000 25
(Alex: Less than a minute now.)

the rib cage

Michael

Scores at the end of the Double Jeopardy! Round:

Paul Michael Chloe
$21,000 $10,800 $11,200

[wagering suggestions for these scores]

Final Jeopardy! Round responses

RELIGION
MichaelWhat are Pakistan and India?
$10,795
ChloeWhat are [some letter crossed out] Egypt and Libya
$11,000
PaulWhat are India & Pakistan?
$1,401
India & Pakistan

Final scores:

Paul Michael Chloe
$22,401 $21,595 $200
4-day champion: $83,801 2nd place: $2,000 3rd place: $1,000

Game dynamics:

Coryat scores:

Paul Michael Chloe
$19,400 $10,800 $13,400
26 R
(including 2 DDs),
2 W
11 R,
2 W
16 R,
1 W
(including 1 DD)

Combined Coryat: $43,600

The J! Archive is created by fans, for fans. The Jeopardy! game show and all elements thereof, including but not limited to copyright and trademark thereto, are the property of Jeopardy Productions, Inc. and are protected under law. This website is not affiliated with, sponsored by, or operated by Jeopardy Productions, Inc. Join the discussion at JBoard.tv.